Estadísticas para Países Modernos de Austria-Hungaría en un Mapa

Haz click aquí para intentar la prueba.

Estadísticas generales

  • Esta prueba ha sido intentada 3.474 veces
  • La puntuación promedio es 12 de 13

Respuestas en el mapa

Las respuestas están codificadas por una escala verde-roja en el mapa de la prueba según el % correcto abajo.
 

Estadísticas de respuestas

País% Correcto
Austria
99%
Croacia
98%
Hungría
98%
Bosnia y Herzegovina
95%
Eslovaquia
95%
Eslovenia
95%
República Checa
95%
Rumania
94%
Serbia
93%
Polonia
88%
Ucrania
88%
Italia
87%
Montenegro
85%

Distribución de puntuación

Porcentaje por número respondido

Porcentaje de gente con cada puntuación

Historial de tus puntuaciones

No has intentado esta prueba.